<?xml version="1.0" encoding="UTF-8"?><marc:collection xmlns:marc="http://www.loc.gov/MARC21/slim">
  <marc:record>
    <marc:leader>00000nam  2200000za 4500</marc:leader>
    <marc:controlfield tag="001">9.803889</marc:controlfield>
    <marc:controlfield tag="003">CaOODSP</marc:controlfield>
    <marc:controlfield tag="005">20210625002356</marc:controlfield>
    <marc:controlfield tag="007">cr |||||||||||</marc:controlfield>
    <marc:controlfield tag="008">151001s2015    onc|||||o    f00| 0 fre d</marc:controlfield>
    <marc:datafield tag="020" ind1=" " ind2=" ">
      <marc:subfield code="a">9780660034102</marc:subfield>
    </marc:datafield>
    <marc:datafield tag="040" ind1=" " ind2=" ">
      <marc:subfield code="a">CaOODSP</marc:subfield>
      <marc:subfield code="b">fre</marc:subfield>
    </marc:datafield>
    <marc:datafield tag="043" ind1=" " ind2=" ">
      <marc:subfield code="a">n-cn---</marc:subfield>
    </marc:datafield>
    <marc:datafield tag="086" ind1="1" ind2=" ">
      <marc:subfield code="a">PS113-1/2015-22F-PDF</marc:subfield>
    </marc:datafield>
    <marc:datafield tag="100" ind1="1" ind2=" ">
      <marc:subfield code="a">Gabor, Thomas.</marc:subfield>
    </marc:datafield>
    <marc:datafield tag="245" ind1="1" ind2="0">
      <marc:subfield code="a">Coûts de la criminalité et des interventions du système de justice pénale </marc:subfield>
      <marc:subfield code="h">[ressource électronique] / </marc:subfield>
      <marc:subfield code="c">par Thomas Gabor.</marc:subfield>
    </marc:datafield>
    <marc:datafield tag="260" ind1=" " ind2=" ">
      <marc:subfield code="a">Ottawa : </marc:subfield>
      <marc:subfield code="b">Sécurité publique Canada, </marc:subfield>
      <marc:subfield code="c">c2015.</marc:subfield>
    </marc:datafield>
    <marc:datafield tag="300" ind1=" " ind2=" ">
      <marc:subfield code="a">45 p.</marc:subfield>
    </marc:datafield>
    <marc:datafield tag="490" ind1="1" ind2=" ">
      <marc:subfield code="a">Rapport de recherche ; </marc:subfield>
      <marc:subfield code="v">2015-R022</marc:subfield>
    </marc:datafield>
    <marc:datafield tag="500" ind1=" " ind2=" ">
      <marc:subfield code="a">Publ. aussi en anglais sous le titre : Costs of crime and criminal justice responses.</marc:subfield>
    </marc:datafield>
    <marc:datafield tag="504" ind1=" " ind2=" ">
      <marc:subfield code="a">Comprend des références bibliographiques.</marc:subfield>
    </marc:datafield>
    <marc:datafield tag="520" ind1="3" ind2=" ">
      <marc:subfield code="a">À la lumière de la croissance des dépenses du système de justice pénale au Canada ces dix dernières années, des préoccupations ont émergé quant à la viabilité des programmes et des services offerts par le système de justice canadien. Malgré l’augmentation des données probantes internationales sur les coûts connexes, peu d’efforts ont été déployés pour synthétiser la documentation à ce sujet. Le présent rapport fournit une revue de la littérature globale et détaillée concernant les coûts de la criminalité et des interventions du système de justice pénale, aux fins de la comparaison des fardeaux qu’ils imposent àla société. Un but important du présent rapport consistait à jeter les bases d’une comparaison des estimations des coûts tirées des études canadiennes avec celles figurant dans la documentation internationale, et à favoriser la création d’un cadre pouvant être appliqué à d’éventuelles études d’établissement des coûts. Le rapport insiste sur l’importance de la méthode employée pour établir les coûts (p. ex., comptabilité versus montants adjugés par les tribunaux), des définitions desinfractions, du lieu où l’étude a été menée, de l’âge de la population ainsi que de la différenciation entre les coûts tangibles et intangibles, lorsqu’il s’agit d’effectuer des estimations des coûts exactes pour les infractions et les interventions du système de justice pénale. Enfin, le rapport présente quelques considérations théoriques clés relativement à l’interprétation des constatations de l’étude, et il formule quatre recommandations à l’intention des chercheurs et des travailleurs opérationnels dans le domaine des sciences sociales, quant à l’avenir des études sur l’établissement des coûts de la criminalité.</marc:subfield>
    </marc:datafield>
    <marc:datafield tag="692" ind1="0" ind2="7">
      <marc:subfield code="2">gccst</marc:subfield>
      <marc:subfield code="a">Système judiciaire</marc:subfield>
    </marc:datafield>
    <marc:datafield tag="692" ind1="0" ind2="7">
      <marc:subfield code="2">gccst</marc:subfield>
      <marc:subfield code="a">Analyse économique</marc:subfield>
    </marc:datafield>
    <marc:datafield tag="710" ind1="1" ind2=" ">
      <marc:subfield code="a">Canada.</marc:subfield>
      <marc:subfield code="b">Sécurité publique Canada. </marc:subfield>
      <marc:subfield code="b">Centre national de prévention du crime.</marc:subfield>
    </marc:datafield>
    <marc:datafield tag="775" ind1="0" ind2="8">
      <marc:subfield code="t">Costs of crime and criminal justice responses </marc:subfield>
      <marc:subfield code="w">(CaOODSP)9.803888</marc:subfield>
    </marc:datafield>
    <marc:datafield tag="830" ind1="#" ind2="0">
      <marc:subfield code="a">Rapport de recherche (Canada. Sécurité publique Canada)</marc:subfield>
      <marc:subfield code="v">2015-R022 </marc:subfield>
      <marc:subfield code="w">(CaOODSP)9.817085</marc:subfield>
    </marc:datafield>
    <marc:datafield tag="856" ind1="4" ind2="0">
      <marc:subfield code="q">PDF</marc:subfield>
      <marc:subfield code="s">542 Ko</marc:subfield>
      <marc:subfield code="u">https://publications.gc.ca/collections/collection_2016/sp-ps/PS113-1-2015-22-fra.pdf</marc:subfield>
    </marc:datafield>
  </marc:record>
</marc:collection>
